Rola národnostných menšín vo svetovej politike

Rola a vplyv národnostných menšín vo svetovej politike. Právna úprava práv menšín a najvýznamnejšie problémy spojené s diskrimináciou národnostných menšín. Nájdenie najvhodnejších ciest spolupráce v tejto oblasti na medzinárodnej úrovni.

Guardado en:
Detalles Bibliográficos
Autor principal: Dorokhov, Denys
Formato: Capítulo de libro
Lenguaje:eslovaco
Materias:
Etiquetas: Agregar Etiqueta
Sin Etiquetas, Sea el primero en etiquetar este registro!

MARC

LEADER 00000naa$a2200000$$$4500
001 0083026
005 20240610132448.8
041 0 |a slo 
044 |a SK 
245 1 0 |a Rola národnostných menšín vo svetovej politike  |c Denys Dorokhov 
520 |a Rola a vplyv národnostných menšín vo svetovej politike. Právna úprava práv menšín a najvýznamnejšie problémy spojené s diskrimináciou národnostných menšín. Nájdenie najvhodnejších ciest spolupráce v tejto oblasti na medzinárodnej úrovni. 
610 2 0 |a ochrana ľudských práv 
610 2 0 |a menšiny národnostné 
610 2 0 |a diskriminácia 
610 2 0 |a politika svetová 
100 1 |a Dorokhov, Denys